| 000 | 00605nam a2200241Ia 4500 | ||
|---|---|---|---|
| 005 | 20250425162547.0 | ||
| 008 | 250425s9999 xx 000 0 und d | ||
| 020 | _a9780521686488 | ||
| 041 | _aeng | ||
| 082 | _a428.64 | ||
| 100 | _aNAYLOR, HELEN | ||
| 245 | 0 | _aTWO LIVES | |
| 250 | _a1ST ED. | ||
| 260 | _aCAMBRIDGE | ||
| 260 |
_aReino Unido _bCAMBRIDGE UNIVERSITY PRESS _c2001 |
||
| 300 | _a64 | ||
| 650 | _aHISTORIAS DE AMOR | ||
| 650 | _aIDIOMA INGLES-LIBROS DE TEXTO PARA EXTRANJEROS | ||
| 650 | _aLECTORES (ADULTO) | ||
| 650 | _aROMANCE - FICCION | ||
| 942 | _c01 | ||
| 010 | _a85676 | ||
| 999 |
_c231751 _d231751 |
||